000 00209nam a22000857a 4500
008 170617b xxu||||| |||| 00| 0 eng d
100 _93493
_aSingh. A. K
245 _aIndian post
260 _aNew Delhi
_bN. B. T
_c2009
999 _c6876
_d6876